<?xml version="1.0" encoding="UTF-8"?>
<record
    xmlns:xsi="http://www.w3.org/2001/XMLSchema-instance"
    xsi:schemaLocation="http://www.loc.gov/MARC21/slim http://www.loc.gov/standards/marcxml/schema/MARC21slim.xsd"
    xmlns="http://www.loc.gov/MARC21/slim">

  <leader>00593nas1a22001811i 4500</leader>
  <controlfield tag="001">rc\249536</controlfield>
  <controlfield tag="005">20240723215338.0</controlfield>
  <datafield tag="035" ind1=" " ind2=" ">
    <subfield code="a">(NLR Aleph) 005628238</subfield>
  </datafield>
  <datafield tag="090" ind1=" " ind2=" ">
    <subfield code="a">6552423</subfield>
    <subfield code="c">6552423</subfield>
  </datafield>
  <datafield tag="100" ind1=" " ind2=" ">
    <subfield code="a">20030307a19909999u  |0rusy50      ca</subfield>
  </datafield>
  <datafield tag="101" ind1="0" ind2=" ">
    <subfield code="a">rus</subfield>
  </datafield>
  <datafield tag="102" ind1=" " ind2=" ">
    <subfield code="a">RU</subfield>
  </datafield>
  <datafield tag="200" ind1="1" ind2=" ">
    <subfield code="a">&#x412;&#x435;&#x441;&#x442;&#x43D;&#x438;&#x43A; &#x43F;&#x440;&#x430;&#x432;&#x43E;&#x441;&#x43B;&#x430;&#x432;&#x438;&#x44F; &#x432; &#x41B;&#x438;&#x442;&#x432;&#x435;</subfield>
    <subfield code="e">&#x41A;&#x432;&#x430;&#x440;&#x442;. &#x440;&#x435;&#x43B;&#x438;&#x433;.-&#x43D;&#x440;&#x430;&#x432;&#x441;&#x442;&#x432;. &#x436;&#x443;&#x440;&#x43D;.</subfield>
    <subfield code="f">&#x41F;&#x440;&#x430;&#x432;&#x43E;&#x441;&#x43B;&#x430;&#x432;. &#x412;&#x438;&#x43B;&#x44C;&#x43D;&#x44E;&#x441;</subfield>
  </datafield>
  <datafield tag="210" ind1=" " ind2=" ">
    <subfield code="a">&#x412;&#x438;&#x43B;&#x44C;&#x43D;&#x44E;&#x441;</subfield>
    <subfield code="c">&#x412;&#x438;&#x43B;&#x44C;&#x43D;&#x44E;&#x441;.-&#x41B;&#x438;&#x442;&#x43E;&#x432;. &#x435;&#x43F;&#x430;&#x440;&#x445;&#x438;&#x44F;</subfield>
    <subfield code="d">1990-</subfield>
  </datafield>
  <datafield tag="801" ind1=" " ind2="0">
    <subfield code="a">RU</subfield>
    <subfield code="b">NLR</subfield>
    <subfield code="g">psbo</subfield>
  </datafield>
  <datafield tag="801" ind1=" " ind2="1">
    <subfield code="a">RU</subfield>
    <subfield code="b">ELAR</subfield>
    <subfield code="2">rusmarc</subfield>
  </datafield>
  <datafield tag="852" ind1=" " ind2=" ">
    <subfield code="a">NLR</subfield>
    <subfield code="j">&#x41F;37/164</subfield>
  </datafield>
  <datafield tag="942" ind1=" " ind2=" ">
    <subfield code="c">SE</subfield>
  </datafield>
</record>
